| 000 | 00000nam##2200000za#4500 |
| 001 | 9.695853 |
| 003 | CaOODSP |
| 005 | 20210624234751 |
| 007 | cr ||||||||||| |
| 008 | 150407|2000||||xxc|||||o f|0| 0 eng|d |
| 040 | |aCaOODSP|beng |
| 043 | |an-cn--- |
| 086 | 1 |aH39-522/2000E-IN |
| 110 | 1 |aCanada. |bHealth Canada. |
| 245 | 10|aHepatitis C : |h[electronic resource]|bmedical information update : transmission, diagnosis, clinical management, treatment / |ca Canadian Liver Foundation initiative in cooperation with Health Canada. |
| 246 | 1 |iAt head of title : |aCanadian Liver Foundation, National Hepatitis C Education Program |
| 260 | |aOttawa - Ontario : |bHealth Canada |c[2000]. |
| 300 | |a12p.|breferences, tables, photographs |
| 500 | |a"Canadian Liver Foundation National Hepatitis C Education Program"--p. 1 of 12. The ISBN (0-662-28579-4) for the print edition has been incorrectly copied in this electronic publication. |
| 590 | |a12-08-Supp|b2012-03-16 |
| 690 | 07|aHepatitis|2gcpds |
| 690 | 07|aHealth care|2gcpds |
| 710 | 2 |aCanadian Liver Foundation. |
| 775 | 08|tHépatite C : |w(CaOODSP)9.639972 |
| 776 | 0#|tHepatitis C: medical information update : |w(CaOODSP)9.647636 |
| 856 | 40|ahttp://publications.gc.ca|qPDF|s647 KB|uhttps://publications.gc.ca/collections/Collection/H39-522-2000E.pdf |